[Event "Wch Juvenil 2013 sub-14"]
[Site "Al-Ain UAE"]
[Date "2013.12.20"]
[Round "3.10"]
[White "Thybo, Jesper Sondergaard"]
[Black "Papadopoulos, Argirios"]
[Result "0-1"]
[WhiteElo "2147"]
[BlackElo "2005"]
[PlyCount "124"]
[EventDate "2013.12.19"]
[EventType "swiss"]
[EventRounds "11"]
[EventCountry "UAE"]
[Source "lmi"]
[SourceDate "2013.12.19"]

1. d4 Nf6 2. c4 e6 3. Nf3 d5 4. g3 dxc4 5. Bg2 c5 6. O-O Nc6 7. Qa4 Bd7 8. dxc5
Na5 9. Qc2 Bxc5 10. Ne5 Qc7 11. Bf4 Bd6 12. Nxd7 Nxd7 13. Bxd6 Qxd6 14. Rd1 Qc7
15. b4 Nc6 16. Qxc4 Rc8 17. Nc3 O-O 18. Nb5 Nb6 19. Qh4 Qe5 20. Nd6 Rcd8 21.
Ne4 Rd4 22. Rxd4 Nxd4 23. Re1 f5 24. Ng5 h6 25. Nf3 Nxf3+ 26. Bxf3 Nd5 27. Qc4
Qc3 28. Rc1 Qxc4 29. Rxc4 Rf7 30. a3 Rd7 31. Rc8+ Kf7 32. Rb8 Ke7 33. e4 fxe4
34. Bxe4 Kd6 35. Kg2 Ke5 36. Bc2 Kd4 37. Kf3 Kc3 38. Rc8+ Rc7 39. Rxc7+ Nxc7
40. Bd1 b5 41. Ke4 Kb2 42. Kd4 Kxa3 43. Kc5 a6 44. f4 Nd5 45. f5 exf5 46. Kxd5
Kxb4 47. Kd4 a5 48. Bh5 a4 49. Bf7 Ka3 50. Kc3 b4+ 51. Kc2 g5 52. Be6 f4 53.
gxf4 gxf4 54. Bd5 b3+ 55. Kb1 Kb4 56. Bc6 a3 57. Ba8 Kc3 58. h4 a2+ 59. Ka1 Kc2
60. Be4+ Kc1 61. h5 f3 62. Bb1 axb1=Q# 0-1

[Event "Wch Juvenil 2013 sub-14"]
[Site "Al-Ain UAE"]
[Date "2013.12.20"]
[Round "3.11"]
[White "Spacek, Oliver"]
[Black "Litvinov, Maxim"]
[Result "0-1"]
[WhiteElo "2041"]
[BlackElo "2144"]
[PlyCount "62"]
[EventDate "2013.12.19"]
[EventType "swiss"]
[EventRounds "11"]
[EventCountry "UAE"]
[Source "lmi"]
[SourceDate "2013.12.19"]

1. d4 Nf6 2. c4 e6 3. g3 d5 4. Bg2 Bb4+ 5. Bd2 Be7 6. Nc3 O-O 7. Nf3 c6 8. b3
b6 9. O-O Ba6 10. Ne5 Nfd7 11. cxd5 Nxe5 12. dxe5 cxd5 13. f4 Nc6 14. a3 Rc8
15. Re1 Qd7 16. b4 Bc4 17. e3 Rfd8 18. Ne2 a5 19. Qb1 axb4 20. axb4 Ra8 21.
Rxa8 Rxa8 22. Bf1 b5 23. Nd4 Nxd4 24. exd4 Qa7 25. Bc3 Qa3 26. Re3 Ra4 27. Bxc4
dxc4 28. Qe4 Qc1+ 29. Be1 Ra2 30. Rc3 Qb2 31. Qh1 Bxb4 0-1

[Event "Wch Juvenil 2013 sub-14"]
[Site "Al-Ain UAE"]
[Date "2013.12.20"]
[Round "3.12"]
[White "Asgharzadeh, M.Reza"]
[Black "Akhgari, Reza"]
[Result "1-0"]
[WhiteElo "2143"]
[BlackElo "2000"]
[PlyCount "43"]
[EventDate "2013.12.19"]
[EventType "swiss"]
[EventRounds "11"]
[EventCountry "UAE"]
[Source "lmi"]
[SourceDate "2013.12.19"]

1. d4 e6 2. c4 Nf6 3. Nc3 Bb4 4. e3 c5 5. Bd3 O-O 6. Nge2 cxd4 7. exd4 b6 8.
O-O Bb7 9. d5 h6 10. a3 Be7 11. Ng3 Qc8 12. Bf4 Re8 13. Rc1 Na6 14. b4 Bf8 15.
Nce4 Nxe4 16. Nxe4 f5 17. Ng3 g6 18. Qd2 Kh7 19. h4 e5 20. h5 e4 21. hxg6+ Kxg6
22. Be2 1-0

[Event "Wch Juvenil 2013 sub-14"]
[Site "Al-Ain UAE"]
[Date "2013.12.20"]
[Round "3.13"]
[White "Liu, Xiangyi"]
[Black "Gokerkan, Cem Kaan"]
[Result "1-0"]
[WhiteElo "2136"]
[BlackElo "1960"]
[PlyCount "103"]
[EventDate "2013.12.19"]
[EventType "swiss"]
[EventRounds "11"]
[EventCountry "UAE"]
[Source "lmi"]
[SourceDate "2013.12.19"]

1. e4 c5 2. Nf3 d6 3. g3 Nc6 4. Bg2 g6 5. O-O Bg7 6. c3 e5 7. d3 Nge7 8. a3 O-O
9. b4 h6 10. Be3 f5 11. bxc5 f4 12. cxd6 fxe3 13. dxe7 exf2+ 14. Rxf2 Qxe7 15.
Raa2 Be6 16. Rab2 Rad8 17. Qf1 Qc5 18. Kh1 Qe3 19. Rbd2 Qb6 20. Rb2 Qe3 21. Ne1
Bg4 22. h3 Bd1 23. Kh2 h5 24. h4 b6 25. Bh3 Qc1 26. Kg2 Kh7 27. Be6 Rd6 28. Ba2
Bg4 29. Rxf8 Qxb2+ 30. Qf2 Qc1 31. Qf7 Ne7 32. Qxe7 Qxe1 33. Bg8+ Kh8 34. Be6+
Kh7 35. Bxg4 hxg4 36. Qxd6 Bxf8 37. Qxf8 Qxb1 38. Qe7+ Kh6 39. Qg5+ Kh7 40. Qd2
b5 41. Qe2 Qc1 42. Qxg4 Qd2+ 43. Kh3 Qxd3 44. h5 Qf1+ 45. Kh4 gxh5 46. Qxh5+
Kg8 47. Qg5+ Kh8 48. Qxe5+ Kg8 49. Kg5 Qf3 50. Qe8+ Kg7 51. Qg6+ Kf8 52. Qf6+
1-0

[Event "Wch Juvenil 2013 sub-14"]
[Site "Al-Ain UAE"]
[Date "2013.12.20"]
[Round "3.14"]
[White "Nikitenko, Mihail"]
[Black "Bashirli, Nail Qoshqar"]
[Result "0-1"]
[WhiteElo "2125"]
[BlackElo "1887"]
[PlyCount "82"]
[EventDate "2013.12.19"]
[EventType "swiss"]
[EventRounds "11"]
[EventCountry "UAE"]
[Source "lmi"]
[SourceDate "2013.12.19"]

1. e4 c5 2. Nf3 d6 3. d4 cxd4 4. Qxd4 a6 5. Bg5 Nc6 6. Qd2 h6 7. Bh4 g5 8. Bg3
Bg7 9. c3 Nf6 10. Bd3 d5 11. exd5 Qxd5 12. O-O Bg4 13. Nd4 Rd8 14. Bc7 Rd7 15.
Bb6 e5 16. f3 Bxf3 17. Rxf3 exd4 18. Na3 O-O 19. c4 Qd6 20. c5 Qb8 21. Nc4 Ng4
22. Rh3 Nce5 23. Nd6 Rxd6 24. cxd6 Qxd6 25. Ba5 Nxd3 26. Qxd3 Be5 27. Rf1 Bxh2+
28. Kh1 Bf4 29. Qb3 Ne3 30. Rf2 Rc8 31. Bd2 Qc6 32. Be1 Qc1 33. Re2 g4 34. Rh4
Bg5 35. Rh5 Rc2 36. Qd3 Rxe2 37. Qxe2 Nc2 38. Kh2 Qxe1 39. Rxg5+ hxg5 40. Qxc2
Kg7 41. Qf5 g3+ 0-1

[Event "Wch Juvenil 2013 sub-14"]
[Site "Al-Ain UAE"]
[Date "2013.12.20"]
[Round "3.15"]
[White "Meunier, Clement"]
[Black "Catur, Adi Sagita"]
[Result "1-0"]
[WhiteElo "2113"]
[BlackElo "1879"]
[PlyCount "73"]
[EventDate "2013.12.19"]
[EventType "swiss"]
[EventRounds "11"]
[EventCountry "UAE"]
[Source "lmi"]
[SourceDate "2013.12.19"]

1. d4 Nf6 2. c4 g6 3. Nc3 d5 4. cxd5 Nxd5 5. e4 Nxc3 6. bxc3 Bg7 7. Qa4+ Bd7 8.
Qa3 O-O 9. Bg5 f6 10. Be3 Kh8 11. Bc4 e5 12. dxe5 fxe5 13. Nf3 Qe8 14. Ng5 h6
15. h4 Nc6 16. f3 b6 17. Bd5 Rd8 18. Qc1 Na5 19. a3 Bc6 20. Ba2 Ba4 21. Ne6
Rd1+ 22. Qxd1 Bxd1 23. Rxd1 Qa4 24. Nxf8 Bxf8 25. Rd8 Qxa3 26. O-O Nc6 27. Rc8
Kg7 28. Rxc7+ Ne7 29. Bd5 Qa6 30. f4 Qe2 31. Bc1 g5 32. fxe5 gxh4 33. Rf7+ Kg6
34. Rxf8 h3 35. Rf6+ Kh5 36. Rxh6+ Kg4 37. Be6+ 1-0

[Event "Wch Juvenil 2013 sub-14"]
[Site "Al-Ain UAE"]
[Date "2013.12.20"]
[Round "3.16"]
[White "Panchanatham, Vignesh"]
[Black "Isaev, Chingys"]
[Result "1-0"]
[WhiteElo "2111"]
[BlackElo "1834"]
[PlyCount "76"]
[EventDate "2013.12.19"]
[EventType "swiss"]
[EventRounds "11"]
[EventCountry "UAE"]
[Source "lmi"]
[SourceDate "2013.12.19"]

1. d4 d5 2. c4 e6 3. Nc3 Be7 4. cxd5 exd5 5. Bf4 c6 6. Qc2 Bd6 7. Bxd6 Qxd6 8.
e3 Ne7 9. Nf3 Bf5 10. Bd3 Bxd3 11. Qxd3 Nd7 12. O-O O-O 13. b4 a6 14. Rab1 Ng6
15. a4 b5 16. Rfc1 Nb6 17. e4 Nf4 18. Qf1 bxa4 19. e5 Qg6 20. Kh1 Qg4 21. Nd1
Rfc8 22. Ne3 Qg6 23. Nh4 Qg5 24. g3 Ne6 25. f4 Qd8 26. Nf3 a5 27. f5 Nf8 28.
bxa5 Rxa5 29. f6 g6 30. Qh3 Nbd7 31. Ng4 Ne6 32. Nh6+ Kf8 33. Nxf7 Kxf7 34.
Qxh7+ Ke8 35. Ng5 Nxg5 36. Qxg6+ Kf8 37. Qg7+ Ke8 38. Qxg5 Nf8 1-0

[Event "Wch Juvenil 2013 sub-14"]
[Site "Al-Ain UAE"]
[Date "2013.12.20"]
[Round "3.18"]
[White "Marek, Matyas"]
[Black "Aravindh, Chithambaram Vr"]
[Result "1/2-1/2"]
[WhiteElo "2055"]
[BlackElo "2415"]
[PlyCount "112"]
[EventDate "2013.12.19"]
[EventType "swiss"]
[EventRounds "11"]
[EventCountry "UAE"]
[Source "lmi"]
[SourceDate "2013.12.19"]

1. e4 c5 2. Nf3 Nc6 3. d4 cxd4 4. Nxd4 Nf6 5. Nc3 e5 6. Ndb5 d6 7. Bg5 a6 8.
Na3 b5 9. Nd5 Be7 10. Bxf6 Bxf6 11. c4 b4 12. Nc2 O-O 13. g3 Bg5 14. h4 Bh6 15.
Bg2 Rb8 16. b3 Be6 17. O-O Rb7 18. Qd3 a5 19. Rad1 Rd7 20. Nde3 Bxe3 21. Qxe3
f6 22. Rd3 Nb8 23. Rfd1 Qc7 24. Qd2 Rfd8 25. a3 bxa3 26. Nxa3 Na6 27. Nb5 Qb6
28. Qc3 Nc5 29. R3d2 Bg4 30. Bf3 Be6 31. Ra2 Nb7 32. Qe1 g6 33. Kh2 Kg7 34. Bg2
Nc5 35. Qc3 Rc8 36. Qxa5 Qxa5 37. Rxa5 Nxb3 38. Ra6 Bxc4 39. Raxd6 Rf7 40. Nc3
Nd4 41. Rd2 g5 42. hxg5 fxg5 43. Nd5 Be2 44. f4 Rc1 45. Rxe2 Nxe2 46. fxe5 Rf2
47. Rd7+ Kh6 48. Ne3 Kg6 49. Nf5 g4 50. Rg7+ Kh5 51. Rxh7+ Kg5 52. Rg7+ Kh5 53.
Rh7+ Kg6 54. Rg7+ Kh5 55. Rh7+ Kg5 56. Rg7+ Kh5 1/2-1/2

[Event "Wch Juvenil 2013 sub-14"]
[Site "Al-Ain UAE"]
[Date "2013.12.20"]
[Round "3.19"]
[White "Patrascu, Catalin-Lucian"]
[Black "Martinez Alcantara, Jose Eduar"]
[Result "1/2-1/2"]
[WhiteElo "2033"]
[BlackElo "2301"]
[PlyCount "96"]
[EventDate "2013.12.19"]
[EventType "swiss"]
[EventRounds "11"]
[EventCountry "UAE"]
[Source "lmi"]
[SourceDate "2013.12.19"]

1. e4 c6 2. d4 d5 3. Nc3 dxe4 4. Nxe4 Bf5 5. Ng3 Bg6 6. Nf3 Nd7 7. h4 h6 8. h5
Bh7 9. Bd3 Bxd3 10. Qxd3 e6 11. Bf4 Qa5+ 12. Bd2 Bb4 13. c3 Be7 14. c4 Qc7 15.
O-O-O Ngf6 16. Rde1 O-O 17. Nf5 exf5 18. Rxe7 Qd6 19. Re2 Ne4 20. Nh4 Ndc5 21.
Qe3 f4 22. dxc5 fxe3 23. cxd6 exd2+ 24. Kc2 Nxd6 25. b3 Rfe8 26. Rxd2 Ne4 27.
Re2 Nf6 28. Rhe1 Rxe2+ 29. Rxe2 Nxh5 30. Re7 b6 31. Nf5 Nf4 32. g3 Ne6 33. Nd6
c5 34. Nf5 h5 35. Rb7 Kf8 36. Nd6 Nd4+ 37. Kc3 Kg8 38. b4 Rd8 39. bxc5 bxc5 40.
Ne4 Ne2+ 41. Kc2 Re8 42. Nxc5 g5 43. Rb1 Nd4+ 44. Kd3 Nf3 45. Rh1 h4 46. Ne4
Kg7 47. gxh4 gxh4 48. Rh3 Ne5+ 1/2-1/2

[Event "Wch Juvenil 2013 sub-14"]
[Site "Al-Ain UAE"]
[Date "2013.12.20"]
[Round "3.20"]
[White "Abbas, Daniel"]
[Black "Cori Quispe, Kevin"]
[Result "0-1"]
[BlackElo "2259"]
[PlyCount "92"]
[EventDate "2013.12.19"]
[EventType "swiss"]
[EventRounds "11"]
[EventCountry "UAE"]
[Source "lmi"]
[SourceDate "2013.12.19"]
[WhiteElo "1974"]

1. e4 c5 2. Nf3 d6 3. Bb5+ Nc6 4. O-O Bd7 5. Re1 a6 6. Bf1 Nf6 7. c3 Bg4 8. h3
Bxf3 9. Qxf3 g6 10. d3 Bg7 11. Be3 O-O 12. Nd2 Nd7 13. Qd1 b5 14. Rb1 Qc7 15.
Qc2 Rfc8 16. Rec1 Qb7 17. Qd1 e6 18. Nf3 Ne7 19. Be2 d5 20. Bg5 f6 21. Be3 Rd8
22. Qc2 Rac8 23. b3 Nb6 24. a4 f5 25. axb5 axb5 26. c4 d4 27. Bg5 Re8 28. Nd2
Nc6 29. cxb5 Nb4 30. Qd1 Na2 31. Bf3 Nc3 32. Qc2 Qc7 33. Ra1 f4 34. Ra6 Rb8 35.
g3 fxg3 36. Nc4 Rf8 37. fxg3 Rxf3 38. Bf4 Rxf4 39. gxf4 Nxc4 40. bxc4 Qxf4 41.
Rf1 Qg3+ 42. Kh1 Qxh3+ 43. Kg1 Bh6 44. Rc6 Be3+ 45. Rf2 Rf8 46. b6 Qg3+ 0-1

[Event "Wch Juvenil 2013 sub-14"]
[Site "Al-Ain UAE"]
[Date "2013.12.20"]
[Round "3.21"]
[White "Pranav, Vijay"]
[Black "Loh, Zachary"]
[Result "1-0"]
[WhiteElo "2224"]
[BlackElo "2036"]
[PlyCount "63"]
[EventDate "2013.12.19"]
[EventType "swiss"]
[EventRounds "11"]
[EventCountry "UAE"]
[Source "lmi"]
[SourceDate "2013.12.19"]

1. d4 d5 2. c4 dxc4 3. e3 Nf6 4. Bxc4 e6 5. Nf3 c5 6. O-O a6 7. Qe2 Nbd7 8. Rd1
b5 9. Bb3 Bb7 10. a4 Qb6 11. Bc2 Be7 12. axb5 axb5 13. Rxa8+ Bxa8 14. e4 cxd4
15. Nxd4 b4 16. Ba4 Qa7 17. Bc6 Bxc6 18. Nxc6 Qb7 19. Nxe7 Kxe7 20. e5 Nd5 21.
Qg4 Kf8 22. Qh4 Qc7 23. Bd2 Nxe5 24. Bxb4+ Ke8 25. Nc3 Nxc3 26. Bxc3 f6 27.
Qh5+ Qf7 28. Qe2 Qc7 29. f4 Qc4 30. Qd2 Nf7 31. Qd7+ Kf8 32. Bb4+ 1-0

[Event "Wch Juvenil 2013 sub-14"]
[Site "Al-Ain UAE"]
[Date "2013.12.20"]
[Round "3.22"]
[White "Bunyatov, Rustam Faiq"]
[Black "Dai, Changren"]
[Result "1/2-1/2"]
[WhiteElo "1965"]
[BlackElo "2216"]
[PlyCount "85"]
[EventDate "2013.12.19"]
[EventType "swiss"]
[EventRounds "11"]
[EventCountry "UAE"]
[Source "lmi"]
[SourceDate "2013.12.19"]

1. d4 Nf6 2. Nf3 g6 3. c4 Bg7 4. Nc3 O-O 5. e4 d6 6. Be2 e5 7. Be3 c6 8. d5 Na6
9. Nd2 Ne8 10. dxc6 bxc6 11. Qa4 Rb8 12. O-O-O Rb4 13. Qa3 Nec7 14. Nb3 Ne6 15.
c5 Rxb3 16. axb3 Naxc5 17. b4 Nb7 18. Qxa7 Nd4 19. Ba6 Nc5 20. Bxc8 Ncb3+ 21.
Kb1 Qxc8 22. Na2 Qg4 23. Nc3 Qe6 24. f3 Qc4 25. Qa4 Rb8 26. b5 cxb5 27. Qxc4
bxc4 28. Na2 f5 29. Bd2 Kf7 30. Rhe1 Ke6 31. Bc3 fxe4 32. fxe4 Bh6 33. Nb4 Ra8
34. Nc2 Nb5 35. Bb4 N5d4 36. Bc3 Bg7 37. Na3 Ra4 38. Nc2 Ra7 39. Na3 Ra4 40.
Nc2 d5 41. exd5+ Kxd5 42. Rf1 Ra7 43. Rfe1 1/2-1/2

[Event "Wch Juvenil 2013 sub-14"]
[Site "Al-Ain UAE"]
[Date "2013.12.20"]
[Round "3.23"]
[White "Dolana, Andrei-Theodor"]
[Black "Fernandez, Michael"]
[Result "1/2-1/2"]
[WhiteElo "2210"]
[BlackElo "1975"]
[PlyCount "64"]
[EventDate "2013.12.19"]
[EventType "swiss"]
[EventRounds "11"]
[EventCountry "UAE"]
[Source "lmi"]
[SourceDate "2013.12.19"]

1. e4 c5 2. c3 d5 3. exd5 Qxd5 4. d4 Nc6 5. Nf3 Nf6 6. dxc5 Qxd1+ 7. Kxd1 Bg4
8. Be3 e5 9. Kc1 Nd5 10. b4 Bxf3 11. gxf3 a5 12. Bb5 axb4 13. cxb4 Ndxb4 14.
Nc3 O-O-O 15. Rd1 Nd4 16. Bxd4 exd4 17. Ne4 Be7 18. Kb2 f5 19. Ng3 g6 20. Rac1
Nd5 21. Ne2 Bf6 22. Kb3 Nc3 23. Nxc3 dxc3 24. Kc2 Rd2+ 25. Rxd2 cxd2 26. Rg1
Rd8 27. Bd3 Rd5 28. Kxd2 Rxc5 29. Rd1 Kc7 30. Ke2 Bg5 31. Rb1 Rc6 32. Rb2 Bf6
1/2-1/2

[Event "Wch Juvenil 2013 sub-14"]
[Site "Al-Ain UAE"]
[Date "2013.12.20"]
[Round "3.24"]
[White "Shi, Diwen"]
[Black "Song, Edward"]
[Result "0-1"]
[WhiteElo "1924"]
[BlackElo "2208"]
[PlyCount "54"]
[EventDate "2013.12.19"]
[EventType "swiss"]
[EventRounds "11"]
[EventCountry "UAE"]
[Source "lmi"]
[SourceDate "2013.12.19"]

1. e4 c5 2. Nc3 a6 3. g3 b5 4. Bg2 Bb7 5. Nge2 e6 6. d4 cxd4 7. Nxd4 Nf6 8. O-O
b4 9. Nd5 exd5 10. exd5 Bc5 11. Re1+ Kf8 12. Nf5 h6 13. Bf4 d6 14. Qd2 Bc8 15.
Nxh6 Nh5 16. Bg5 f6 17. Bf3 fxg5 18. Bxh5 gxh6 19. Re8+ Qxe8 20. Bxe8 Kxe8 21.
Re1+ Kd8 22. a3 Rf8 23. Re2 a5 24. axb4 axb4 25. h4 Ba6 26. hxg5 Bxe2 27. Qxe2
Ra1+ 0-1

[Event "Wch Juvenil 2013 sub-14"]
[Site "Al-Ain UAE"]
[Date "2013.12.20"]
[Round "3.25"]
[White "Kutsanyan, Andranik"]
[Black "Baskin, Robert"]
[Result "1/2-1/2"]
[WhiteElo "1907"]
[BlackElo "2190"]
[PlyCount "60"]
[EventDate "2013.12.19"]
[EventType "swiss"]
[EventRounds "11"]
[EventCountry "UAE"]
[Source "lmi"]
[SourceDate "2013.12.19"]

1. e4 c5 2. Nf3 d6 3. d4 cxd4 4. Nxd4 Nf6 5. Nc3 a6 6. Bc4 e6 7. Bb3 b5 8. Qf3
Qc7 9. O-O Be7 10. Re1 Nbd7 11. e5 Bb7 12. exd6 Bxd6 13. Nd5 Qa5 14. Bd2 Qxd2
15. Nxf6+ Nxf6 16. Qxb7 O-O 17. Rad1 Qh6 18. h3 Bc5 19. Bxe6 Bxd4 20. Bxf7+
Rxf7 21. Qxa8+ Rf8 22. Qf3 Bc5 23. Qf5 Qh5 24. Qxh5 Nxh5 25. Rd2 Ng3 26. Re5
Bb6 27. Re6 Bc5 28. Re5 Bb6 29. Re6 Bc5 30. Re5 Bb6 1/2-1/2

[Event "Wch Juvenil 2013 sub-14"]
[Site "Al-Ain UAE"]
[Date "2013.12.20"]
[Round "3.26"]
[White "Viswanadha, Kesav"]
[Black "Agmanov, Zhandos"]
[Result "1-0"]
[WhiteElo "2169"]
[BlackElo "1972"]
[PlyCount "79"]
[EventDate "2013.12.19"]
[EventType "swiss"]
[EventRounds "11"]
[EventCountry "UAE"]
[Source "lmi"]
[SourceDate "2013.12.19"]

1. e4 c5 2. Nf3 d6 3. d4 cxd4 4. Nxd4 Nf6 5. Nc3 g6 6. Be3 Bg7 7. f3 O-O 8. Qd2
Nc6 9. O-O-O d5 10. Kb1 Nxd4 11. e5 Nf5 12. exf6 exf6 13. Bc5 Re8 14. Nxd5 Be6
15. Bb5 b6 16. g4 Nh4 17. Bf2 Nxf3 18. Qf4 Bxd5 19. Bxe8 Qxe8 20. Rxd5 Ng5 21.
h4 Ne6 22. Qd2 Qa4 23. Rg1 Rc8 24. Be3 Bf8 25. h5 Bg7 26. c3 Bf8 27. Ka1 b5 28.
Qd1 Qe4 29. Qd3 Qxd3 30. Rxd3 a6 31. Rf1 Rc4 32. Bd4 Be7 33. b3 Rc8 34. Bxf6
Bf8 35. hxg6 fxg6 36. Rd7 Ra8 37. g5 h6 38. gxh6 Bxh6 39. Rh1 Bf8 40. Rh8# 1-0

[Event "Wch Juvenil 2013 sub-14"]
[Site "Al-Ain UAE"]
[Date "2013.12.20"]
[Round "3.27"]
[White "Perske, Thore"]
[Black "Zayan, Mohamed"]
[Result "0-1"]
[WhiteElo "2164"]
[BlackElo "1939"]
[PlyCount "60"]
[EventDate "2013.12.19"]
[EventType "swiss"]
[EventRounds "11"]
[EventCountry "UAE"]
[Source "lmi"]
[SourceDate "2013.12.19"]

1. e4 c5 2. Nf3 Nc6 3. d4 cxd4 4. Nxd4 g6 5. Nc3 Bg7 6. Be3 Nf6 7. Bc4 O-O 8.
f3 e6 9. Bb3 d5 10. exd5 Nxd5 11. Nxd5 exd5 12. O-O Re8 13. Nxc6 bxc6 14. Bd4
Ba6 15. Rf2 Bf8 16. Rd2 Bh6 17. Rf2 Qc7 18. Bc5 Qa5 19. Bd4 Qc7 20. Bc5 Re6 21.
g3 Rae8 22. f4 Qa5 23. Qd4 Bg7 24. Qb4 Qxb4 25. Bxb4 Bd4 26. Rd1 Bxf2+ 27. Kxf2
Re2+ 28. Kg1 Bc8 29. Bc3 Bh3 30. Be5 f6 0-1

[Event "Wch Juvenil 2013 sub-14"]
[Site "Al-Ain UAE"]
[Date "2013.12.20"]
[Round "3.28"]
[White "Nacer, Mohamed Arezki"]
[Black "Lopez Mulet, Iñigo"]
[Result "0-1"]
[WhiteElo "1866"]
[BlackElo "2151"]
[PlyCount "98"]
[EventDate "2013.12.19"]
[EventType "swiss"]
[EventRounds "11"]
[EventCountry "UAE"]
[Source "lmi"]
[SourceDate "2013.12.19"]

1. e4 e6 2. d4 d5 3. e5 c5 4. c3 Nc6 5. Nf3 Bd7 6. Bd3 cxd4 7. cxd4 Qb6 8. O-O
Nxd4 9. Nxd4 Qxd4 10. Nc3 a6 11. a3 Ne7 12. Re1 Nc6 13. Be3 Qxe5 14. f4 Qd6 15.
Qb3 d4 16. Ne4 Qd5 17. Qxd5 exd5 18. Nf6+ Kd8 19. Nxd7 Kxd7 20. Bf2 Bd6 21. g3
g6 22. b4 b5 23. Rad1 f5 24. Bf1 Bb8 25. Bg2 Kd6 26. Bf1 Ba7 27. Bd3 Rac8 28.
Rc1 Nb8 29. Bf1 Rxc1 30. Rxc1 Nd7 31. a4 bxa4 32. Bxa6 Rb8 33. b5 Bc5 34. Rd1
a3 35. Kf1 Rb6 36. Be1 Nf6 37. Ke2 Ng4 38. h4 Ne3 39. Rb1 Nc4 40. Kd3 Rb8 41.
Bd2 Nb2+ 42. Kc2 d3+ 43. Kb3 Nc4 44. Kc3 Nxd2 45. Kxd2 Bd4 46. Rb4 a2 47. Rxd4
a1=Q 48. Rxd3 d4 49. Ke2 Re8+ 0-1

[Event "Wch Juvenil 2013 sub-14"]
[Site "Al-Ain UAE"]
[Date "2013.12.20"]
[Round "3.29"]
[White "Tomczak, Mikolaj"]
[Black "Le, Minh Hoang"]
[Result "1-0"]
[WhiteElo "2133"]
[BlackElo "1927"]
[PlyCount "133"]
[EventDate "2013.12.19"]
[EventType "swiss"]
[EventRounds "11"]
[EventCountry "UAE"]
[Source "lmi"]
[SourceDate "2013.12.19"]

1. e4 c5 2. Ne2 d6 3. c4 Nc6 4. d4 cxd4 5. Nxd4 Nf6 6. Nc3 e6 7. Be2 Be7 8. Be3
a6 9. O-O Bd7 10. Rc1 Nxd4 11. Bxd4 Bc6 12. f3 O-O 13. b4 Rc8 14. Qd2 Be8 15.
a3 Nd7 16. Rfd1 Nb6 17. Qb2 Nxc4 18. Bxc4 Rxc4 19. Bxg7 Kxg7 20. Nd5+ f6 21.
Rxc4 exd5 22. exd5 Bg6 23. Rdc1 Qb6+ 24. Kh1 Bd8 25. Qd2 Re8 26. R4c3 Qb5 27.
Rc8 Bb6 28. Rxe8 Qxe8 29. Re1 Qd7 30. Qf4 Bf7 31. Qg3+ Kf8 32. Qf4 Bd8 33. Qd4
Qf5 34. Qa7 Qd7 35. Qd4 Be7 36. Qe4 f5 37. Qd4 Kg8 38. f4 Bf8 39. Qd3 Bg7 40.
h3 Bf6 41. Kh2 Qc8 42. Re2 Qc1 43. Qxf5 Bd4 44. Qg5+ Kh8 45. Qd8+ Bg8 46. Qxd6
Qg1+ 47. Kg3 Qd1 48. Qe7 Bxd5 49. Qd8+ Bg8 50. Re8 Qb3+ 51. Kh2 Bg7 52. f5 Qf7
53. f6 Bh6 54. Qe7 Qc4 55. Qe1 Bg5 56. Qf2 Qf7 57. Re7 Qxf6 58. Qxf6+ Bxf6 59.
Rxb7 Bc4 60. a4 Be5+ 61. Kh1 h6 62. b5 axb5 63. axb5 Kg8 64. b6 Bd4 65. Rc7
Bxb6 66. Rxc4 Be3 67. Rc7 1-0

[Event "Wch Juvenil 2013 sub-14"]
[Site "Al-Ain UAE"]
[Date "2013.12.20"]
[Round "3.30"]
[White "Boldoo, Erdenepurev"]
[Black "Wang, Yiou"]
[Result "1-0"]
[WhiteElo "2072"]
[BlackElo "1889"]
[PlyCount "91"]
[EventDate "2013.12.19"]
[EventType "swiss"]
[EventRounds "11"]
[EventCountry "UAE"]
[Source "lmi"]
[SourceDate "2013.12.19"]

1. d4 Nf6 2. c4 g6 3. Nc3 Bg7 4. e4 O-O 5. Nf3 d6 6. Be2 e5 7. O-O Nc6 8. d5
Ne7 9. Nd2 Nd7 10. b4 a5 11. bxa5 Rxa5 12. Nb3 Ra8 13. a4 f5 14. f3 f4 15. Ba3
g5 16. c5 Nf6 17. Nb5 Ne8 18. Nd2 Ng6 19. cxd6 cxd6 20. Nc4 Rf6 21. a5 Bf8 22.
Bb4 Rf7 23. Kh1 Rg7 24. Rc1 Nh4 25. Nb6 Rb8 26. Nxc8 Rxc8 27. Rxc8 Qxc8 28. Qc1
Qd8 29. Qa3 h5 30. h3 g4 31. fxg4 Nf6 32. Bxd6 Nxe4 33. Bxf8 Ng3+ 34. Kh2 Nxf1+
35. Bxf1 Qxf8 36. d6 hxg4 37. Bc4+ Kh7 38. Qd3+ Kh6 39. d7 g3+ 40. Kh1 f3 41.
Qd2+ Kh5 42. Be2 Rxd7 43. Qxd7 fxe2 44. Qg4+ Kh6 45. Qxh4+ Kg6 46. Qxg3+ 1-0

[Event "Wch Juvenil 2013 sub-14"]
[Site "Al-Ain UAE"]
[Date "2013.12.20"]
[Round "3.31"]
[White "Zajic, Milan"]
[Black "Fidrilakis, Stavros"]
[Result "1-0"]
[WhiteElo "2340"]
[BlackElo "1629"]
[PlyCount "111"]
[EventDate "2013.12.19"]
[EventType "swiss"]
[EventRounds "11"]
[EventCountry "UAE"]
[Source "lmi"]
[SourceDate "2013.12.19"]

1. e4 c5 2. Nf3 d6 3. d4 cxd4 4. Nxd4 Nf6 5. Nc3 Nc6 6. h3 e5 7. Nf3 h6 8. Bc4
Be7 9. O-O O-O 10. Re1 Be6 11. Nd5 Na5 12. Bf1 Rc8 13. Nxe7+ Qxe7 14. b3 Qc7
15. c4 b6 16. Bb2 Nb7 17. Nd2 Nd7 18. Rc1 f5 19. exf5 Bxf5 20. Ne4 Nf6 21. Nc3
a6 22. Bd3 Bxd3 23. Qxd3 Nc5 24. Qe3 Qf7 25. Rcd1 Rcd8 26. Rd2 Kh8 27. Red1 Qe6
28. Ba3 Rf7 29. Bxc5 bxc5 30. Nd5 Nxd5 31. Rxd5 Rdd7 32. Qd3 e4 33. Rxd6 exd3
34. Rxe6 Rd4 35. Re5 Rff4 36. f3 Kg8 37. Re3 d2 38. Re2 Rf6 39. Rexd2 Rxd2 40.
Rxd2 Rc6 41. Rd7 Kh7 42. Kf2 Kg6 43. Ke3 Re6+ 44. Kd3 Re1 45. Rd6+ Kg5 46. Rxa6
Rg1 47. g4 Ra1 48. Ke4 Kh4 49. Kd5 Kxh3 50. Kxc5 Kg3 51. Kb6 Kxf3 52. c5 Kxg4
53. c6 h5 54. c7 Rc1 55. Ra4+ Kg3 56. Rc4 1-0

[Event "Wch Juvenil 2013 sub-14"]
[Site "Al-Ain UAE"]
[Date "2013.12.20"]
[Round "3.32"]
[White "Tokranovs, Dmitrijs"]
[Black "Mayed, Al-Rashedi"]
[Result "1-0"]
[WhiteElo "2273"]
[BlackElo "1820"]
[PlyCount "41"]
[EventDate "2013.12.19"]
[EventType "swiss"]
[EventRounds "11"]
[EventCountry "UAE"]
[Source "lmi"]
[SourceDate "2013.12.19"]

1. e4 e5 2. Nf3 Nc6 3. Bc4 Nf6 4. Ng5 d5 5. exd5 Na5 6. Bb5+ Bd7 7. Qe2 Be7 8.
Nc3 O-O 9. Bxd7 Qxd7 10. O-O Rfe8 11. Nf3 Bd6 12. d3 e4 13. dxe4 Nxe4 14. Nxe4
f5 15. Nf6+ gxf6 16. Qd3 b6 17. Nd4 Re4 18. Ne2 Kf7 19. Qh3 Rxe2 20. Qxh7+ Ke8
21. Qh5+ 1-0

[Event "Wch Juvenil 2013 sub-14"]
[Site "Al-Ain UAE"]
[Date "2013.12.20"]
[Round "3.33"]
[White "Shtembuliak, Evgeny"]
[Black "Tello Chavez, Isaac Valent"]
[Result "1-0"]
[WhiteElo "2263"]
[BlackElo "1823"]
[PlyCount "119"]
[EventDate "2013.12.19"]
[EventType "swiss"]
[EventRounds "11"]
[EventCountry "UAE"]
[Source "lmi"]
[SourceDate "2013.12.19"]

1. e4 d5 2. Nc3 dxe4 3. Nxe4 Qd5 4. Nc3 Qa5 5. Nf3 Nf6 6. g3 Bg4 7. Bg2 Nc6 8.
h3 Bh5 9. O-O O-O-O 10. b4 Nxb4 11. Rb1 c6 12. d3 e5 13. Bd2 Qc7 14. Re1 Bd6
15. g4 Bg6 16. Nxe5 Nxc2 17. Nxc6 bxc6 18. Qxc2 Bxd3 19. Qa4 Bxb1 20. Nxb1 Nd7
21. Rc1 Nc5 22. Qc4 Rhe8 23. Bb4 Re5 24. Nd2 a5 25. Bc3 Re6 26. Nf3 Bf4 27. Rb1
Ne4 28. Qa6+ Kd7 29. Bxa5 Qd6 30. Bxd8 Kxd8 31. Qa7 Nxf2 32. Qa5+ Ke8 33. Qa8+
Ke7 34. g5 Qd7 35. Rb7 Bc7 36. Qa3+ Ke8 37. Qa8+ Ke7 38. Kxf2 Qd6 39. Qa5 Kd8
40. Qd2 Qxd2+ 41. Nxd2 Re5 42. Nf3 Ra5 43. Rb2 Bf4 44. h4 Kc7 45. Rc2 Ra3 46.
Bf1 Kd6 47. Bc4 f6 48. gxf6 gxf6 49. Bb3 Ra5 50. Rc4 Be5 51. Nxe5 Rxe5 52. Kf3
Ra5 53. Re4 Kc5 54. Rf4 Kb5 55. Rxf6 c5 56. Ke3 Ra8 57. Kd3 Kb4 58. Rb6+ Ka5
59. Rb7 Rd8+ 60. Ke4 1-0